| 000 | 00575nam a2200205Ia 4500 | ||
|---|---|---|---|
| 003 | OSt | ||
| 005 | 20230316105039.0 | ||
| 008 | 210423s2006 xx 000 0 und d | ||
| 040 | _cAL | ||
| 041 | _aeng | ||
| 082 |
_a547.2 _223 _bCHAP |
||
| 100 |
_aCHATTOPADHYAY (P). _941681 |
||
| 245 | _aReactions mechanisms and problems in organic chemistry. | ||
| 250 | _a2 | ||
| 260 |
_aNew Delhi _bAsian Books Pvt Ltd _c2006 |
||
| 365 |
_b495 _cINR |
||
| 650 |
_aOrganic Synthesis _941682 |
||
| 906 | _achemistry. ; mechanisms ; organic ; problems ; Reactions | ||
| 942 |
_2ddc _cBK |
||
| 999 |
_c153615 _d153615 |
||